Normal view
MARC view
- Urdu Literature. Urdu Essays | Urdu Lessons
Entry Topical Term
001 - CONTROL NUMBER
- control field: 115816
003 - CONTROL NUMBER IDENTIFIER
- control field: NUST
005 - DATE AND TIME OF LATEST TRANSACTION
- control field: 20230912165558.0
008 - FIXED-LENGTH DATA ELEMENTS
- fixed length control field: 230912|| aca||aabn | a|a d
040 ## - CATALOGING SOURCE
- Original cataloging agency: NUST
- Transcribing agency: NUST
150 ## - HEADING--TOPICAL TERM
- Topical term or geographic name entry element: Urdu Literature. Urdu Essays | Urdu Lessons
670 ## - SOURCE DATA FOUND
- Source citation: Work cat.: (NUST): پطرس کے مضامین , Pitras ky mazameen /, 2019
